| 000 | 00595nam a22002172 4500 | ||
|---|---|---|---|
| 001 | 0000004961 | ||
| 005 | 20151217151947.0 | ||
| 008 | 070604s xx 000 0 eng d | ||
| 020 |
_a0534199321 : _cKES 500 |
||
| 040 |
_aKABU _cKABU |
||
| 050 | 0 |
_aT11 _b.B87 1994 |
|
| 100 | 1 |
_aBurnett, Rebecca E. _@0000155987 |
|
| 245 | 1 | 0 | _aTechnical communication. |
| 250 | _a3rd ed. | ||
| 260 |
_aBelmont, CA : _bWardsworth, _c1994. |
||
| 300 | _axxv, 680 p. | ||
| 650 | 0 |
_aTechnical writing. _@0000155988 |
|
| 908 | _a070604 | ||
| 950 | _@1 | ||
| 999 |
_c6760 _d6760 |
||